00483nam a2200133Ia 4500008004100000020001800041050002500059100002600084245011200110260003800222300002900260500005100289521000900340140527s9999 xx 000 0 und d a9789712339967 aHF 5695b.AL465 2004 aAltares, Priscilla S. aQuantitative techniques for business :bwith computer application /cPriscilla S.Altares ... [et al.]. aManila :bRex Book Store,cc2004. a301 p. :bill. ;c26 cm. aIncludes index and bibliographical references. aBSBA